Designing Embedded Processors (Record no. 340811)
[ view plain ]
| 000 -LEADER | |
|---|---|
| fixed length control field | 00519nam a2200169Ia 4500 |
| 008 - FIXED-LENGTH DATA ELEMENTS--GENERAL INFORMATION | |
| fixed length control field | 230718s9999 xx 000 0 und d |
| 020 ## - INTERNATIONAL STANDARD BOOK NUMBER | |
| International Standard Book Number | 9788184898477 |
| 041 ## - LANGUAGE CODE | |
| Language code of text/sound track or separate title | eng |
| 082 ## - DEWEY DECIMAL CLASSIFICATION NUMBER | |
| Classification number | 004.16 |
| Item number | HEN |
| 100 ## - MAIN ENTRY--PERSONAL NAME | |
| Personal name | Henkel J. (Editor) |
| 9 (RLIN) | 198232 |
| 245 ## - TITLE STATEMENT | |
| Title | Designing Embedded Processors |
| Remainder of title | A Low Power Perspective |
| 260 ## - PUBLICATION, DISTRIBUTION, ETC. (IMPRINT) | |
| Date of publication, distribution, etc. | 2011 |
| Name of publisher, distributor, etc. | Springer |
| 300 ## - PHYSICAL DESCRIPTION | |
| Extent | 550 |
| 365 ## - TRADE PRICE | |
| Currency code | Rs. |
| Price amount | 750.00 |
| 700 ## - ADDED ENTRY--PERSONAL NAME | |
| Personal name | Henkel J. (Editor) & Parameswaran S. (Editor) |
| 9 (RLIN) | 198233 |
| 906 ## - LOCAL DATA ELEMENT F, LDF (RLIN) | |
| d | O:0480926-Dec-2015B:IN 125227-Aug-2015 |
| c | COMP |
| b | 187.5 |
| Withdrawn status | Lost status | Damaged status | Not for loan | Home library | Current library | Date acquired | Vendor | Budget Code | Cost, normal purchase price | Bill number | Total Checkouts | Full call number | Barcode | Date last seen | Discount | Cost, replacement price | Bill Date | Koha item type | Original Barcode |
|---|---|---|---|---|---|---|---|---|---|---|---|---|---|---|---|---|---|---|---|
| Cummins College of Engineering for Women Pune | Cummins College of Engineering for Women Pune | 26/12/2015 | Pradeep Book Distributors | COMP | 562.50 | IN 1252 | 004.16 | CCEP-BK-52018 | 18/07/2023 | 187.5 | 750.00 | 27/08/2015 | Books | 052018 |